Safari Pack - Statistics

General Stats
  • This quiz has been taken 1 time
  • The average score is 1 of 11
Answer Stats
Picture Hint Answer % Correct
Uncommon - 15% Panda
100%
Epic - 3.48% Chameleon
0%
Rare - 7% Elephant
0%
Uncommon 15% Flamingo
0%
Rare - 7% Lemur
0%
Legendary - 0.5% Lion
0%
Rare - 7% Peacock
0%
Chroma - 0.02% Rainbow Panda
0%
Uncommon - 15% Sloth
0%
Uncommon - 15% Tenrec
0%
Uncommon - 15% Zebra
0%
No matching quizzes found
Score Distribution
Percent of People with Each Score
Percentile by Number Answered
Your Score History
You have not taken this quiz